| 000 | 00722nam a2200289Ia 4500 | ||
|---|---|---|---|
| 005 | 20260324124342.0 | ||
| 008 | 008 260324s9999 xx 000 0 eng d | ||
| 020 | _a9780203862001 | ||
| 037 | _aEBOOK | ||
| 040 | _aCRL | ||
| 040 | _beng | ||
| 040 | _cCRL | ||
| 041 | _2eng | ||
| 041 | _aeng | ||
| 084 | _qCRL | ||
| 100 |
_aJoseph D. Novak _91173815 |
||
| 245 | 0 | _aLearning, Creating, and Using Knowledge | |
| 245 | 0 | _bConcept Maps as Facilitative Tools in Schools and Corporations | |
| 260 | _bTaylor and Francis | ||
| 260 | _c2010 | ||
| 365 | _a | ||
| 365 | _b290 | ||
| 856 | _uhttp://www.taylorfrancis.com/books/9780203862001 | ||
| 942 | _cEBOOK | ||
| 999 |
_c1768126 _d1768126 |
||